000 01672aam a2200457 a 4500
001 6135757
003 ARRUPE
005 20131105124858.0
008 060804s2006 enkaf b 001 0beng
010 _a 2006462057
015 _aGBA580605
_2bnb
016 7 _a013297730
_2Uk
020 _a1845130804 (hbk.)
020 _a9781845130800 (hbk.)
029 1 _aYDXCP
_b100420282
035 _a(OCoLC)ocm61703453
035 _a(OCoLC)61703453
035 _a(NNC)6135757
040 _aUKM
_cUKM
_dDLC
_dBWKUK
_dNDD
_dYDXCP
_dBTCTA
042 _alccopycat
043 _ae-uk---
_af-sa---
050 0 0 _aDT1949.S25
_bY28 2006
082 0 4 _a323.092
_222
100 1 _aYates, Anne,
_d1922-2000.
_93180
245 1 4 _aThe troublemaker :
_bMichael Scott and his lonely struggle against injustice /
_cAnne Yates and Lewis Chester.
260 _aLondon :
_bAurum Press Ltd.,
_c2006.
300 _axiv, 338 p., [8] p. of plates :
_bill. ;
_c23 cm.
504 _aIncludes bibliographical references (p. 328-331) and index.
600 1 0 _aScott, Michael,
_d1907-1983.
_93181
610 2 0 _aChurch of England
_xClergy
_vBiography.
_93182
650 0 _aAnti-apartheid activists
_zSouth Africa
_vBiography.
_93183
650 0 _aAnti-apartheid activists
_zGreat Britain
_vBiography.
_93184
650 0 _aHuman rights workers
_zSouth Africa
_vBiography.
_93185
650 0 _aHuman rights workers
_zGreat Britain
_vBiography.
_93186
650 0 _aPolitical prisoners
_zSouth Africa
_vBiography.
_93187
650 0 _aPolitical prisoners
_zGreat Britain
_vBiography.
_93188
700 1 _aChester, Lewis.
_93189
942 _2lcc
_cMONOGRAPH
948 1 _a20070716
_bc
_cjv5
_dMPS
999 _c118501
_d118501